| 000 | 00659nac a22001571u 4500 | ||
|---|---|---|---|
| 008 | 080817s ua|||||r|||| 000 0 ara d | ||
| 082 |
_a256 _bب ي ت _222 |
||
| 245 |
_aالإسلام والأستعمار : _bعقيدة الجهاد في التاريخ الحديث/ _cرودلف بيترز |
||
| 260 |
_aالقاهرة : _bدار شهدي، _c1985 |
||
| 300 |
_a326 ص؛ _c24 سم |
||
| 500 | _aترجمة كتاب Isalm and Colonialism. The Doctrine of Jihad in Moders History, by Rudoiph Peters. | ||
| 504 | _aببليوجرافية: ص225-326 | ||
| 511 | _aCatalogued by: Sara | ||
| 541 |
_aألف باء؛ _cشراء؛ |
||
| 942 |
_cBB _k256ب ي ت _2ddc |
||
| 999 |
_c8127 _d8127 |
||